Definovanie hlavných prekážok manažovania inovácií v slovenských podnikoch diplomová práca

Saved in:
Bibliographic Details
Main Author: Kolibab, Peter
Corporate Author: Podnikovohospodárska fakulta EU so sídlom v Košiciach. Katedra manažmentu
Other Authors: Ferencz, Vojtech
Format: Book
Language:Slovak
Published: Košice 2013
Tags: Add Tag
No Tags, Be the first to tag this record!

MARC

LEADER 00000nbm a2200000 4500
001 0170366
005 20161109102340.8
041 0 |a slo 
044 |a SK 
245 1 0 |a Definovanie hlavných prekážok manažovania inovácií v slovenských podnikoch  |b diplomová práca  |c Peter Kolibab ; školiteľ: Vojtech Ferencz 
264 1 |a Košice  |c 2013 
300 |a 67 s. 
100 1 |a Kolibab, Peter 
700 1 |a Ferencz, Vojtech 
710 2 |a Podnikovohospodárska fakulta EU so sídlom v Košiciach. Katedra manažmentu